000 01764nam a22003737a 4500
999 _c21491
_d21491
003 AR-CdUCM
008 190220b ||||| |||| 00| 0 spa d
020 _a9789972513589
040 _aMUNICIPALIDAD PROVINCIAL DEL CUSCO
_cBIBLIOTECA MUNICIPAL DEL CUSCO
082 _a309.18562/B77
_bB77
_22a ed.
100 _aBourricaud, François
_924135
245 _aCambios en Puno :
_bestudios de sociología andina /
_cFrançois Bourricaud ; [presentación, Roxana Barrantes y Ramón Pajuelo ; prólogo, Jean-Jaoinville Vacher].
260 _aLima :
_bInstituto de Estudios Peruanos, IEP,
_c2012.
300 _a222 páginas. :
_bilustraciones ;
_c23 cm.
440 _aSerie Estudios de Sociedad Rural,
_n42.
_945041
500 _aFrançois Bourricaud: intelectual, humanista y sociólogo / Jean-Jaoinville Vacher. p.11.
_zBibliografía: p. 217-222.
505 _aContenido: Presentación de la ciudad de Puno en 1953. El conflicto de intereses: La estructura agraria. Dinámica cultural: Homogeneización y diferenciación. Conclusión: Cholificación. Trabajos sobre el Perú
650 _aIndígenas del Perú
_95715
650 _aTenencia de la tierra
_98228
650 _aEtnicidad
_91315
650 _aCultura andina
_945042
650 _aAspectos sociales
_9262
650 _aRelaciones raciales
_921336
650 _aPuno
_93897
650 _aPerú
_945043
700 _aPajuelo, Ramón (presentador )
_945044
700 _aVacher, Jean-Jaoinville (prologuista)
_945045
710 _aInstituto de Estudios Peruanos (Lima)
_99759
710 _aInstitut Français d'Études Andines (Lima)
_93476
710 _aFrancia. Embajada (Perú)
_945046
710 _aCooperación Regional para los Países Andinos
_945047
942 _2ddc
_cLIBROS
945 _aRoel